=LDR 00000nam 2200000 4500 =001 INLIS000000000015552 =005 20130612110829 =008 ***********************************Indo** =035 ##$$0010-061300000015552 =041 ##$$a Indo =082 ##$$a R.500 =090 ##$$a R.500, Ent =100 ##$$a Entwistle Theodore Rowland =245 ##$$a Dunia Binatang, Theodore Rawland Entwistle dan Ran Cooke Penerjemah Effendy A.Sumardjo =260 ##$$a 1985 $b Jakarta =300 ##$$a 48 hlm, ilus, 26 cm =650 ##$$a Ilmu Pengetahuan Murni-Binatang =850 ##$$a NBPNMAT